| 000 | 00668nam a2200229Ia 4500 | ||
|---|---|---|---|
| 003 | OSt | ||
| 005 | 20220926011944.0 | ||
| 006 | a|||||r|||| 00| 0 | ||
| 007 | ta | ||
| 008 | 220923b |||||||| |||| 00| 0 eng d | ||
| 037 | _cGeneral Book | ||
| 040 |
_aRTL _cRTL _beng |
||
| 041 |
_2eng _aeng |
||
| 082 | _aX:87.73.N7, M0 | ||
| 100 |
_aIllman Paul E. _9315287 |
||
| 245 | 0 | _aeveloping overseas managers and managers overseas | |
| 260 |
_aNew York _bAmerican Management Association U. S. A. _c1980 |
||
| 300 |
_a298p. _ccm. |
||
| 650 | _aExecutive Management | ||
| 942 |
_hX:87.73.N7, M0 _cGB _2CC |
||
| 999 |
_c621337 _d621337 |
||